000 00499nam a22001937a 4500
003 OSt
005 20160503173749.0
008 160503b xxu||||| |||| 00| 0 eng d
020 _a0340531878
040 _c040a
082 _a571.1
_bANI 1999
245 _aAnimal physiology /
_cMicheal Stewart
260 _aLondon
_bThe open university
_c1999
300 _a486p;
_bcol.ill
_c14 cm
504 _aIncludes index
650 _aanimals
_98469
700 _aStewart, Micheal
_98470
942 _2ddc
_cSLOAN
999 _c3863
_d3863